Το κρέας και τα προϊόντα του : (παραγωγή, εμπορία, τεχνολογία, υγιεινή)
Αποθηκεύτηκε σε:
| Κύριος συγγραφέας: | |
|---|---|
| Μορφή: | Βιβλίο |
| Γλώσσα: | Greek |
| Δημοσίευση: |
Θεσσαλονίκη :
Σύγχρονη παιδεία,
2005
|
| Θέματα: | |
| Ετικέτες: |
Προσθήκη ετικέτας
Δεν υπάρχουν, Καταχωρήστε ετικέτα πρώτοι!
|
MARC
| LEADER | 00000cam a2200000 i 4500 | ||
|---|---|---|---|
| 001 | 1/27448 | ||
| 008 | 130312s2005 gr | ||| |||| ||gre|| | ||
| 020 | |a 9603570664 | ||
| 035 | |l 10114015 | ||
| 040 | |a GR-MY-UA |b gre |e aacr | ||
| 041 | 0 | |a gre | |
| 082 | 0 | |a 664.9 |2 (22) | |
| 100 | 1 | |a Γεωργάκης, Σπυρίδων Α., |d 1932- | |
| 245 | 1 | 3 | |a Το κρέας και τα προϊόντα του : |b (παραγωγή, εμπορία, τεχνολογία, υγιεινή) / |c Σπυρίδων Α. Γεωργάκης |
| 260 | |a Θεσσαλονίκη : |b Σύγχρονη παιδεία, |c 2005 | ||
| 300 | |a 853 σ.; |b πίν., σχέδ.; |c 26 εκ. | ||
| 504 | |a Περιλαμβάνει βιβλιογραφίες και ευρετήριο. | ||
| 650 | 0 | 0 | |a Meat. |
| 650 | 0 | 0 | |a Meat industry and trade. |
| 852 | |a INST |b LEMNOS |c EUDOXUS |e 20130312 |h 664.9 ΓΕΩ |p 005600000757 |q 005600000757 |t EDX |y 0 | ||
| 852 | |a INST |b LEMNOS |c EUDOXUS |e 20130516 |h 664.9 ΓΕΩ |p 005600000844 |q 005600000844 |t EDX |y 0 | ||
| 901 | |a BIBL6-2013-1 | ||
| 909 | |a Μ |b 161031 | ||
| 909 | |a Μ |b 161118 | ||
| 920 | |a ΕΥΔΟΞΟΣ |b ΠΑΡΑΓΓΕΛΙΑ |y ΛΗΜΝΟΣ-ΤΕΤΔ |z 2013-02 | ||
| 920 | |a ΕΥΔΟΞΟΣ |b ΠΑΡΑΓΓΕΛΙΑ |y ΛΗΜΝΟΣ-ΤΕΤΔ |z 2013-04 | ||
| 970 | |a ΤΣΟΥΚΑΛΑ |b ΑΛΙΚΗ |z 2013/01/ | ||